000 00316nam a22001217a 4500
008 180425b xxu||||| |||| 00| 0 eng d
041 _aeng
080 _a043.3
100 _a0
101 _aSHKI-BTH
245 _aKrahasimi i implementimit të ORM-së dhe Persistencës në Java dhe C#
_cCitaku,V
942 _2udc
_cBK
999 _c45495
_d45495